000 00621nam a2200193Ia 4500
008 151119s9999||||xx |||||||||||||| ||und||
082 _a294.54
082 _bGKKV6974
100 _aजोशी नारायण
245 _aश्रीब्रम्हस्पतीसूक्तम
260 _a--
260 _b--
260 _c0
600 _aजोशी नारायण
630 _aश्रीब्रम्हस्पतीसूक्तम
700 _aजोशी नारायण
730 _aश्रीब्रम्हस्पतीसूक्तम
942 _cBOOK
999 _c1061732
_d1061729